Dos.

Guardat en:
Dades bibliogràfiques
Autor principal: Némirovsky, Irène, 1903-1942 (autora)
Altres autors: Soriano Marco, José Antonio (traducción del francés)
Format: Desconegut
Idioma:anglès
Publicat: Santiago, Chile: Narrativa Salamandra; Penguin Random House; 2023.
Edició:Primera edición.
Matèries:
Etiquetes: Afegir etiqueta
Sense etiquetes, Sigues el primer a etiquetar aquest registre!

MARC

LEADER 00000 a2200000 4500
003 CL-VaPUC
005 20230607091858.0
008 230530t2023 ||||| |||| 00| 0 eng d
999 |c 440765  |d 440763 
020 |a 978-956-6075-37-0 
040 |c Pontificia Universidad Católica de Valparaíso 
082 |2 22  |a 891.793 NEM 2023 
100 |9 882671  |a Némirovsky, Irène,  |d 1903-1942  |e autora 
245 |a Dos. 
250 |a Primera edición. 
260 |a Santiago, Chile:  |b Narrativa Salamandra;  |b Penguin Random House;  |c 2023. 
300 |a 283 páginas.  
583 |k Catalogador Asistente  |c 20230530 
650 0 |9 489713  |a Novelas ucranianas   |y Siglo 20 
650 0 |9 489714  |a Literatura ucraniana  |y Siglo 20 
700 |9 882672  |a Soriano Marco, José Antonio   |e traducción del francés 
942 |2 ddc  |c BK 
952 |0 0  |1 0  |2 ddc  |4 0  |6 891_793000000000000_NEM_2023  |7 0  |8 A  |9 590208  |a BIBART  |b BIBART  |c GEN  |d 2023-05-26  |e 181  |g 18000.00  |i 5657554  |l 1  |o 891.793 NEM 2023  |p 5657554  |r 2025-03-13  |s 2023-08-24  |t 1  |v 18000.00  |w 2023-05-26  |y BK  |k ART